| 000 | 01173nam a2200217Ia 4500 | ||
|---|---|---|---|
| 999 |
_c40353 _d40353 |
||
| 001 | 6961 | ||
| 003 | GE_BSU | ||
| 005 | 20190424170440.0 | ||
| 008 | 181216s1986 ge |||||||||||||| ||geo|| | ||
| 040 | _cGE_BSU | ||
| 041 | _ageo | ||
| 080 | _a624.072.33 ჩ-23 | ||
| 245 |
_aჩარჩოების ანგარიში ძალთა მეთოდით : _bმეთოდური მითითებები საკურსო მოცემულობების შესასრულებლად სამშენებლო მექანიკაში / _cშემდგ. ა.ბერაია ; რედ. მ.ძიძიგური. |
||
| 264 |
_aთბილისი : _bსპი, _c1986. |
||
| 300 |
_a71 გვ. : _bნახაზები ; _c20 სმ. |
||
| 653 | _aჩარჩოების ანგარიში ძალთა მეთოდით | ||
| 653 | _aსამშენებლო კონსტრუქციები | ||
| 700 |
_aბერაია, ა. _eშემდგენელი _9478 |
||
| 700 |
_aძიძიგური, მ. _eრედაქტორი _9472 |
||
| 942 |
_cBK _2udc |
||